000 00672nam a2200241 a 4500
001 0001-1150
003 ELIB.Books
008 150505 2010 eng
020 _a13: 9780687045006
035 _a(ELIB.Books)0001-1305
092 _a268
_bEve
100 _aEverist, Norma Cook.
245 _aThe Church as Learning Community:
_bA Comprehensive Guide to Christian Education
260 _aNashville
_bAbingdon Press
_c2002
300 _a391
_c23 Cm
500 _aC/o Moe Lwei
650 _aChristian Education
856 _nKBTS: Library
_uKBTS: Elib
942 _2ddc
_cBK
990 _a225.6
998 _cbat
_e2015-05-05
999 _c11150
_d11150